Statistics for Random Knowledge Quiz #60

Click here to take the quiz!

General Stats

  • This quiz has been taken 69 times
  • The average score is 7 of 15

Answer Stats

QuestionAnswer% Correct
According to the bible, how many Horsemen of the Apocalypse were there?4
79%
What is someone with aviatophobia afraid of?Flying
68%
Fill in this quote: "A martini, ______ not stirred."Shaken
63%
What is the main currency on the island of Oahu?US dollar
63%
Who says the quote from previous question?James Bond
61%
Diamondback and Timber are types of what animal?Rattlesnakes
61%
To which country do you travel if you want to visit Serengeti National Park?Tanzania
56%
The shoe company Converse is owned by what major corporation?Nike
53%
What was the first European country to report confirmed cases of Covid-19?France
51%
What Greek physician is known as "The Father of Medicine"?Hippocrates
35%
What was the Italian word for the Jewish residential districts created during the middle ages?Ghetto
28%
What book/movie takes place in the fictional location Arrakis?Dune
26%
What superteam includes Angel, Beast, Cyclops, Iceman and Marvel Girl?The X-men
25%
What can you figure out about the weather by counting the cricket chirps?Temperature
21%
Who made history in 2024 by becoming the youngest ever to have won two Oscars?Billie Eilish
18%

Score Distribution

Percentile by Number Answered

Percent of People with Each Score

Your Score History

You have not taken this quiz